000
00199 a2200097 4500
001
3116
100
_a
BBC
245
_a
BBC english dictionary
260
_a
_b
Harper collins
_c
090
_c
2398
_d
2398
942
_a
NUST-CAE
_c
M
_c
15535
999
_c
238189
_d
238189